000 00895nam a22003017a 4500
001 BR7900153
003 BR-BrBNA
005 20230928085901.0
007 ta
008 230509b bl.||||| |||| 00| 0 por d
040 _aBR-BrBNA
_bpor
_cBiblioteca Nacional de Agricultura
041 _a(Por)
072 _aL30
_b5213
_b/G514
090 _ 5213 BR7900153
100 1 _aSalomoni, E.
110 1 _aEscola Superior de Agricultura de Lavras, MG (Brasil)
_0Tese (Mestrado)
245 1 _aNiveis de energia na terminacao de novilhos azebuados em confinamento [Brasil]
260 3 _aLavras, MG (Brasil):
_c1978.
300 _a113 p.
500 _a41 tables; 8 illus.; 41 ref.; Summaries (Eng, Por)
650 _aGado zebu
650 _aConfinamento
650 _aEngorda
650 _aNovilho
650 _aSuplemento energetico
909 _a202309
_bLucia
_c55
_dLucia Elande
942 _cBK
999 _c26849
_d26849